Elephant bathing / (Record no. 154785)

MARC details
000 -LEADER
fixed length control field 00582nam a22001937a 4500
005 - DATE AND TIME OF LATEST TRANSACTION
control field 20180725120350.0
010 ## - LCCN (DPL NO)
LC control number ENG-123594
020 ## - INTERNATIONAL STANDARD BOOK NUMBER
Terms of availability 150.00
International Standard Book Number 9788192225449
035 ## - SYSTEM CONTROL NUMBER
System control number EN-107126
037 ## - SOURCE OF ACQUISITION
Source of stock number/acquisition DBAD/PUB
082 ## - DEWEY DECIMAL CLASSIFICATION NUMBER
Classification number 881
100 ## - MAIN ENTRY--PERSONAL NAME
Personal name Thakore, Anand
245 ## - TITLE STATEMENT
Title Elephant bathing /
Statement of responsibility, etc by Anand Thakore
260 ## - PUBLICATION, DISTRIBUTION, ETC. (IMPRINT)
Place of publication, distribution, etc Mumbai
Date of publication, distribution, etc 2012
Name of publisher, distributor, etc Poetrywala Media & Publishing
270 ## - ADDRESS
Address 1701/1702, 6A - Whispering Plams, Lokhandwala Township, Kandivali (East)
Postal code 400101
City Mumbai
300 ## - PHYSICAL DESCRIPTION
Extent 80p.
Dimensions 22cm.(pbk)
650 ## - SUBJECT ADDED ENTRY--TOPICAL TERM
Topical term or geographic name as entry element Poems
942 ## - ADDED ENTRY ELEMENTS (KOHA)
Source of classification or shelving scheme Dewey Decimal Classification
Item type English Books
Classification part 881
Call number suffix THA
Holdings
Withdrawn status Lost status Not for loan Collection code Home library Current library Date acquired Source of acquisition Cost, normal purchase price Full call number Barcode Copy number Cost, replacement price Koha item type
    Not For Loan Non-fiction D.B.Act.Division Bawana 25/07/2018 DBAD/PUB 150.00 881 THA EN-107126 1 150.00 English Books

© Delhi Public Library
Hit Counter
free hit counter